Statistics for All 20 million cities

Click here to take the quiz!

General Stats

  • This quiz has been taken 17 times
  • The average score is 12 of 13

Answer Stats

PopulationCity% Correct
30.51 millionDelhi
94%
23.18 millionMexico City
94%
26.00 millionMumbai
94%
22.51 millionNew York City
94%
23.06 millionSão Paulo
94%
41.17 millionTokyo
94%
21.80 millionCairo
88%
46.96 millionGuangzhou
88%
31.62 millionJakarta
88%
26.53 millionManila
88%
33.95 millionShanghai
88%
25.92 millionSeoul
81%
21.02 millionDhaka
75%

Score Distribution

Percentile by Number Answered

Percent of People with Each Score

Your Score History

You have not taken this quiz